| 000 | 01442cam a22003854a 4500 | ||
|---|---|---|---|
| 001 | 13357030 | ||
| 003 | OSt | ||
| 005 | 20140310182657.0 | ||
| 008 | 030929s2004 maua 000 0 eng | ||
| 010 | _a 2003113437 | ||
| 020 | _a0794600395 | ||
| 035 | _a(DLC) 2003113437 | ||
| 040 |
_aDLC _cDLC _dDLC |
||
| 041 | 1 |
_aeng _atha _htha |
|
| 042 | _apcc | ||
| 050 | 0 | 0 |
_aPL 4163 _b.G65 2004 |
| 082 | 0 | 0 |
_aM 495.5 _bG56 2004 |
| 100 | 1 | _aGolding, Michael. | |
| 245 | 1 | 0 |
_aEssential Thai phrase book / _ccompiled by Michael Golding & Benjawan Jai-Ua. |
| 260 |
_aSingapore : _bBerkeley Books Pte Ltd., _cc2004. |
||
| 300 |
_a159 p. : _bcol. : ill. ; _c19 cm. |
||
| 440 | 0 | _aPeriplus essential phrase books | |
| 521 | _aCollege Students | ||
| 526 | _c1210L-1700L | ||
| 541 | _j1 | ||
| 546 |
_aIn English and Thai _bincludes Thai (romanised). |
||
| 562 | _e1 | ||
| 650 | 0 |
_aThai language _vConversation and phrase books _xEnglish. |
|
| 856 | 4 | 1 |
_3Table of contents only _uhttp://www.loc.gov/catdir/enhancements/fy1012/2003113437-t.html |
| 856 | 4 | 2 |
_3Contributor biographical information _uhttp://www.loc.gov/catdir/enhancements/fy1110/2003113437-b.html |
| 856 | 4 | 2 |
_3Publisher description _uhttp://www.loc.gov/catdir/enhancements/fy1110/2003113437-d.html |
| 906 |
_a7 _bcbc _corignew _d2 _eepcn _f20 _gy-gencatlg |
||
| 942 |
_2lcc _cBK _kM |
||
| 999 |
_c15131 _d15131 |
||